[Event "CZE-chT U18 Extraliga final-A 1819"]
[Site "Czech Republic"]
[Date "2019.04.12"]
[Round "8.5"]
[White "Hlavina, Matous"]
[Black "Krizek, Krystof"]
[Result "1-0"]
[WhiteElo "1900"]
[BlackElo "1675"]
[PlyCount "127"]
[EventDate "2018.10.05"]
[EventType "team-tourn"]
[EventRounds "11"]
[EventCountry "CZE"]
[SourceTitle "EXT 2023"]
[Source "ChessBase"]
[SourceDate "2022.10.05"]
[SourceVersion "1"]
[SourceVersionDate "2022.10.05"]
[SourceQuality "1"]
[WhiteTeam "Klatovy (U18)"]
[BlackTeam "Vlasim (U18)"]
[WhiteTeamCountry "CZE"]
[BlackTeamCountry "CZE"]

1. e4 e5 2. Nf3 Nc6 3. Bb5 a6 4. Ba4 Nf6 5. 0-0 Be7 6. Re1 b5 7. Bb3 d6 8. h3 0-0 9. c3 Nb8 10. d4 Nbd7 11. Nbd2 Bb7 12. Bc2 Re8 13. Nf1 Bf8 14. Ng3 g6 15. Bg5 h6 16. Bd2 c5 17. dxe5 dxe5 18. Qe2 Qc7 19. Red1 c4 20. Nh2 h5 21. Nf3 Nc5 22. Ng5 h4 23. Nf1 Rad8 24. Be1 Be7 25. Nh2 Bc6 26. Ng4 Nxg4 27. Qxg4 Bxg5 28. Qxg5 Bxe4 29. Bxe4 Nxe4 30. Qxh4 f5 31. f3 Nc5 32. Qf6 Qf7 33. Qb6 Rc8 34. Rd6 Kg7 35. Bf2 Nb7 36. Rd2 Re6 37. Qe3 Nc5 38. Qe2 Nd3 39. a4 Rd8 40. axb5 axb5 41. Ra7 Re7 42. Ra6 Red7 43. Bh4 Re8 44. Bf2 Qe7 45. Qe3 Red8 46. Qb6 Nf4 47. Rxd7 Rxd7 48. Qxb5 Rb7 49. Rb6 Ra7 50. Kh2 Qg5 51. Qxe5+ Kh7 52. Bg3 Nd3 53. Qb8 Re7 54. Rb7 Rxb7 55. Qxb7+ Kg8 56. Qd5+ Kh7 57. Qxc4 f4 58. Bh4 Qxh4 59. Qxd3 Qg3+ 60. Kg1 Qe1+ 61. Qf1 Qe3+ 62. Kh2 Qe5 63. Qf2 Qg5 64. c4 1-0

[Event "CZE-chT U18 Extraliga Ost 1819"]
[Site "Czech Republic"]
[Date "2018.10.07"]
[Round "3.5"]
[White "Krizek, Krystof"]
[Black "Fizerova, Lucie"]
[Result "1-0"]
[WhiteElo "1675"]
[BlackElo "1538"]
[PlyCount "67"]
[EventDate "2018.10.05"]
[EventType "team-tourn"]
[EventRounds "11"]
[EventCountry "CZE"]
[SourceTitle "EXT 2023"]
[Source "ChessBase"]
[SourceDate "2022.10.05"]
[SourceVersion "1"]
[SourceVersionDate "2022.10.05"]
[SourceQuality "1"]
[WhiteTeam "Vlasim (U18)"]
[BlackTeam "Frydek Mistek Interchess (U18)"]
[WhiteTeamCountry "CZE"]
[BlackTeamCountry "CZE"]

1. e4 c5 2. d4 cxd4 3. c3 d5 4. Bb5+ Bd7 5. Bxd7+ Qxd7 6. Qxd4 e6 7. exd5 exd5 8. Nf3 Nc6 9. Qa4 Nf6 10. 0-0 Be7 11. Rd1 Rd8 12. Be3 b6 13. c4 Qc7 14. Nc3 dxc4 15. Nb5 Qb7 16. Nxa7 Qxa7 17. Qxc6+ Nd7 18. Ne5 Bc5 19. Bxc5 bxc5 20. Nxd7 Rxd7 21. Qc8+ Ke7 22. Rxd7+ Qxd7 23. Re1+ Qe6 24. Rxe6+ fxe6 25. Qxh8 Kf6 26. a4 e5 27. a5 e4 28. a6 Kf7 29. a7 Kf6 30. a8R Kf7 31. Qf8+ Kg6 32. Ra6+ Kh5 33. Qf5+ Kh4 34. g3# 1-0

[Event "CZE-chT U18 Extraliga Ost 1819"]
[Site "Czech Republic"]
[Date "2018.10.06"]
[Round "2.5"]
[White "Vantuch, Lucian"]
[Black "Krizek, Krystof"]
[Result "1/2-1/2"]
[WhiteElo "1969"]
[BlackElo "1675"]
[PlyCount "63"]
[EventDate "2018.10.05"]
[EventType "team-tourn"]
[EventRounds "11"]
[EventCountry "CZE"]
[SourceTitle "EXT 2023"]
[Source "ChessBase"]
[SourceDate "2022.10.05"]
[SourceVersion "1"]
[SourceVersionDate "2022.10.05"]
[SourceQuality "1"]
[WhiteTeam "Frydek Mistek BSS (U18)"]
[BlackTeam "Vlasim (U18)"]
[WhiteTeamCountry "CZE"]
[BlackTeamCountry "CZE"]

1. e4 c5 2. Nf3 Nc6 3. d4 cxd4 4. Nxd4 Nf6 5. Nc3 g6 6. Be3 Bg7 7. Bc4 Qa5 8. 0-0 0-0 9. Bb3 d6 10. h3 Bd7 11. Qd3 Rac8 12. Rfe1 Ne5 13. Qf1 b5 14. f4 Nc6 15. Rad1 a6 16. Nd5 Rfe8 17. Nxc6 Rxc6 18. Nxf6+ Bxf6 19. e5 Bg7 20. Bf2 Be6 21. exd6 exd6 22. c3 b4 23. Bd5 Rcc8 24. cxb4 Qxb4 25. Bxe6 fxe6 26. Qxa6 Rc2 27. Qxd6 Qxd6 28. Rxd6 Rxb2 29. a3 Ra2 30. Ra6 Rc8 31. Raxe6 Rcc2 32. Bb6 1/2-1/2

[Event "CZE-chT U18 Extraliga Ost 1718"]
[Site "Czech Republic"]
[Date "2017.10.08"]
[Round "4.6"]
[White "Krizek, Krystof"]
[Black "Tomanec, Samuel"]
[Result "1-0"]
[WhiteElo "1508"]
[BlackElo "1072"]
[PlyCount "49"]
[EventDate "2017.10.07"]
[EventType "team-tourn"]
[EventRounds "11"]
[EventCountry "CZE"]
[SourceTitle "EXT 2023"]
[Source "ChessBase"]
[SourceDate "2022.10.05"]
[SourceVersion "1"]
[SourceVersionDate "2022.10.05"]
[SourceQuality "1"]
[WhiteTeam "Vlasim (U18)"]
[BlackTeam "Orlova Slavia (U18)"]
[WhiteTeamCountry "CZE"]
[BlackTeamCountry "CZE"]

1. e4 e6 2. d4 d5 3. exd5 exd5 4. Bd3 Nf6 5. Nf3 Be7 6. 0-0 0-0 7. Bf4 Nc6 8. c3 Re8 9. Qc2 h6 10. Nbd2 Bd6 11. Bxd6 Qxd6 12. Rae1 Bg4 13. h3 Bxf3 14. Nxf3 a6 15. Qb3 b5 16. a3 Na5 17. Qb4 Qxb4 18. axb4 Nc4 19. Bxc4 bxc4 20. Ne5 Ne4 21. Ra1 Nd2 22. Rfe1 Ne4 23. Ra5 Re6 24. Rxd5 Rb6 25. Rxe4 1-0

[Event "Mlada Boleslav Region-ch U14"]
[Site "Mlada Boleslav"]
[Date "2017.06.24"]
[Round "1"]
[White "Krizek, Krystof"]
[Black "Sedmihradsky, Martin"]
[Result "1-0"]
[WhiteElo "1470"]
[BlackElo "1057"]
[PlyCount "30"]
[EventDate "2017.06.24"]
[EventType "swiss"]
[EventRounds "7"]
[EventCountry "CZE"]
[SourceTitle "CBM 179 Extra"]
[Source "ChessBase"]
[SourceDate "2017.08.23"]
[SourceVersion "1"]
[SourceVersionDate "2017.08.23"]
[SourceQuality "1"]

1. e4 e5 2. Nf3 Nc6 3. Bc4 Bc5 4. c3 Nf6 5. d3 0-0 6. 0-0 d5 7. exd5 Nxd5 8. b4 Be7 9. Qb3 Be6 10. Re1 f6 11. d4 Qd6 12. dxe5 Nxe5 13. Nd4 Rad8 14. Nd2 b5 15. Nxb5 Qb6 1-0

[Event "Mlada Boleslav Region-ch U14"]
[Site "Mlada Boleslav"]
[Date "2017.06.24"]
[Round "4"]
[White "Moulik, Jakub"]
[Black "Krizek, Krystof"]
[Result "0-1"]
[WhiteElo "1556"]
[BlackElo "1470"]
[PlyCount "80"]
[EventDate "2017.06.24"]
[EventType "swiss"]
[EventRounds "7"]
[EventCountry "CZE"]
[SourceTitle "CBM 179 Extra"]
[Source "ChessBase"]
[SourceDate "2017.08.23"]
[SourceVersion "1"]
[SourceVersionDate "2017.08.23"]
[SourceQuality "1"]

1. e4 e5 2. Nf3 Nf6 3. Nc3 Bb4 4. a3 Ba5 5. d3 d6 6. g3 c6 7. Bd2 0-0 8. Bg2 h6 9. 0-0 Be6 10. Ne2 Bc7 11. d4 Nxe4 12. dxe5 Nxd2 13. Qxd2 dxe5 14. Qxd8 Rxd8 15. Rfd1 Nd7 16. Nc3 Nb6 17. Rxd8+ Rxd8 18. Rd1 Nd5 19. Nxd5 Bxd5 20. Kf1 Kf8 21. Re1 Re8 22. c3 a5 23. Nd2 Bxg2+ 24. Kxg2 b5 25. b3 Bd6 26. a4 f5 27. Kf3 e4+ 28. Kg2 Bc5 29. h3 e3 30. fxe3 Rxe3 31. Rxe3 Bxe3 32. Nf3 Ke7 33. Ne5 Kd6 34. Nd3 Kd5 35. Kf3 Bd2 36. Nf4+ Bxf4 37. Kxf4 g6 38. Ke3 bxa4 39. bxa4 Kc4 40. Kd2 Kb3 0-1

[Event "Mlada Boleslav Region-ch U14"]
[Site "Mlada Boleslav"]
[Date "2017.06.24"]
[Round "2"]
[White "Popovsky, Ondrej"]
[Black "Krizek, Krystof"]
[Result "1-0"]
[WhiteElo "1524"]
[BlackElo "1470"]
[PlyCount "41"]
[EventDate "2017.06.24"]
[EventType "swiss"]
[EventRounds "7"]
[EventCountry "CZE"]
[SourceTitle "CBM 179 Extra"]
[Source "ChessBase"]
[SourceDate "2017.08.23"]
[SourceVersion "1"]
[SourceVersionDate "2017.08.23"]
[SourceQuality "1"]

1. d4 d5 2. Bf4 Nf6 3. e3 c5 4. Nf3 Bf5 5. c4 Nc6 6. Qb3 Na5 7. Qa4+ Bd7 8. Qc2 Rc8 9. dxc5 dxc4 10. Bxc4 Rxc5 11. Bxf7+ Kxf7 12. Qxc5 Ba4 13. 0-0 b6 14. Qc1 Nd7 15. b3 Bc6 16. Ng5+ Ke8 17. b4 e5 18. bxa5 exf4 19. exf4 Ba8 20. Re1+ Be7 21. Ne6 1-0